000 00358nam a22001457a 4500
008 250422b ||||| |||| 00| 0 eng d
020 _a0295965193
041 _aeng
080 _21987
_a101LEE
082 _2101LEE
_a101LEE
100 _a42
101 _aFILOZOFI
245 _aSYMMETRIES ASYMMETRIES AND THE WORLD OF PARTICLES
_cT.D.LEE
942 _2udc
_cBK
999 _c60685
_d60685